000 00550nam a2200205 a 4500
001 9346
003 CO-ViMGA
008 141112s2004 ck r 000 u spa d
040 _aCO-ViMGA
_bspa
_cCO-ViMGA
082 0 4 _aR413 D545
245 1 0 _aDiccionario de las artes visuales en Venezuela.
260 _aCaracas :
_bMonte Avila,
_c1982
300 _a2v.
500 _aColección Tomos venezolanos.
590 _aEjemplares : 2
650 1 4 _aARTE VISUAL
_910136
650 1 4 _aDICCIONARIO
_910137
650 1 4 _aVENEZUELA
_910138
942 _2ddc
_cBK
999 _c20876
_d20876